00433nam a2200145Ia 4500008004100000041000900041082001800050100002200068245003200090260003700122300000800159650000800167999001700175952009500192230718s9999 xx 000 0 und d aEng. a343.07bSHE-9 aSher Vami Aziz P. 0a99 Lectures on Business law aPakistanbReham Publishersc2009 a391 aLaw c29719d29719 00104070aSIRC-LbSIRC-Ld2023-07-18l0o343.07 SHE-9p24670r2023-07-18w2023-07-18yBK